000
00226nam a2200097Ia 4500
008
240331s9999 xx 000 0 und d
082
_b
MAR
100
_a
Satchidanandan, K
245
0
_a
Marxia azhagial :
_b
oru munnurai
942
_c
L
999
_c
3592
_d
3592